[Event "Brno festival"]
[Site "?"]
[Date "2015.08.23"]
[Round "1"]
[White "Licka, Vlastimil"]
[Black "Polak, Tomas"]
[Result "0-1"]
[WhiteElo "1950"]
[BlackElo "2524"]
[PlyCount "142"]

1. e4 c5 2. Nc3 Nc6 3. f4 g6 4. Nf3 Bg7 5. Bc4 e6 6. O-O Nge7 7. Re1 O-O 8. d3
a6 9. a4 b6 10. e5 d6 11. exd6 Qxd6 12. Ne4 Qc7 13. c3 Bb7 14. Qe2 h6 15. g3
Rad8 16. Be3 Na5 17. Ba2 c4 18. Qf2 Nd5 19. dxc4 Nxe3 20. Qxe3 Nxc4 21. Bxc4
Qxc4 22. Ned2 Qc6 23. Qe4 Qc7 24. Qe3 Rd5 25. Nb3 Rfd8 26. Nbd4 Bxd4 27. cxd4
R5d6 28. Rac1 Qd7 29. Ne5 Qxa4 30. Rc4 Qb5 31. Rec1 Qd5 32. Kf1 Qg2+ 33. Ke1
Qh1+ 34. Ke2 Qxh2+ 35. Qf2 Qxf2+ 36. Kxf2 f6 37. Rc7 fxe5 38. Rxb7 R6d7 39.
Rxb6 exf4 40. gxf4 Rd6 41. Rb7 R8d7 42. Rc8+ Kf7 43. Rbb8 Rxd4 44. Rf8+ Kg7 45.
Rg8+ Kf6 46. Ke3 Rd3+ 47. Ke2 Rg3 48. Kf2 Rh3 49. Kg2 Rhd3 50. Rgf8+ Rf7 51.
Rfe8 Kf5 52. Rb6 Rf6 53. b4 Rd4 54. Ra8 Kg4 55. Raxa6 Rdxf4 56. Ra2 h5 57. Re2
g5 58. b5 h4 59. Rbxe6 Rxe6 60. Rxe6 Rb4 61. b6 Rb2+ 62. Kg1 Kg3 63. Re3+ Kf4
64. Re6 g4 65. Rc6 h3 66. Rc4+ Kg5 67. Rc5+ Kh4 68. Rc6 Rb1+ 69. Kf2 g3+ 70.
Kf3 h2 71. Kf4 Rf1+ 0-1

[Event "Brno festival"]
[Site "?"]
[Date "2015.08.23"]
[Round "1"]
[White "Zwardon, Vojtech"]
[Black "Paulik, Martin"]
[Result "1-0"]
[WhiteElo "2398"]
[BlackElo "1891"]
[PlyCount "79"]

1. c4 Nf6 2. Nc3 e6 3. e4 d5 4. e5 Nfd7 5. cxd5 Nxe5 6. d4 Ng6 7. Bb5+ c6 8.
dxc6 bxc6 9. Be2 Bd6 10. g3 Bb7 11. Bf3 Qb6 12. Be3 O-O 13. Nge2 Nd7 14. O-O
Qd8 15. Rc1 Nb6 16. Nb5 Nd5 17. Nxd6 Qxd6 18. Nc3 f5 19. Re1 Rab8 20. Bd2 Ba6
21. Na4 f4 22. Be4 fxg3 23. hxg3 Nge7 24. Nc5 Bc8 25. Nd3 Ba6 26. Qc2 Bxd3 27.
Bxd3 Nf5 28. Bxf5 Rxf5 29. b3 Rc8 30. Qe4 Rf6 31. Re2 h6 32. Qe5 Qa3 33. Rc5
Qa6 34. Qe4 Qb7 35. Be1 Qf7 36. b4 Qb7 37. Rec2 Rc7 38. b5 Qb8 39. Qe5 Qc8 40.
bxc6 1-0

[Event "Brno festival"]
[Site "?"]
[Date "2015.08.23"]
[Round "1"]
[White "Janous, Petr"]
[Black "Roubalik, Jakub"]
[Result "0-1"]
[WhiteElo "1883"]
[BlackElo "2379"]
[PlyCount "76"]

1. e4 c5 2. b3 Nc6 3. Bb2 e6 4. Nf3 d5 5. exd5 exd5 6. Bb5 Nf6 7. Ne5 Qc7 8.
Nxc6 bxc6 9. Bxf6 gxf6 10. Bd3 Qe5+ 11. Qe2 Rg8 12. Qxe5+ fxe5 13. g3 e4 14.
Be2 Bg7 15. c3 Bh3 16. Na3 a5 17. Rb1 Ke7 18. Nc2 d4 19. cxd4 cxd4 20. Na3 d3
21. Bf1 Be6 22. Bg2 f5 23. O-O a4 24. Nc4 axb3 25. axb3 Bd4 26. Kh1 Ra2 27. f3
Bxc4 28. bxc4 Rxd2 29. fxe4 Ra8 30. Rfd1 Rc2 31. Rxd3 c5 32. exf5 Raa2 33. Rxd4
cxd4 34. Be4 Rxh2+ 35. Kg1 Kf6 36. Rb6+ Kg5 37. Rb3 Rhe2 38. Kf1 Rxe4 0-1

[Event "Brno festival"]
[Site "?"]
[Date "2015.08.23"]
[Round "1"]
[White "Vyskocil, Neklan"]
[Black "Martisek, Karel"]
[Result "1-0"]
[WhiteElo "2376"]
[BlackElo "1869"]
[PlyCount "75"]

1. d4 d5 2. c4 e6 3. Nf3 Nf6 4. g3 Be7 5. Bg2 c6 6. O-O O-O 7. Nbd2 Nbd7 8. Qc2
Re8 9. Rd1 Nf8 10. e4 Ng6 11. h4 Ng4 12. h5 Nf8 13. e5 b6 14. Nf1 Bb7 15. Bh3
Nh6 16. Bxh6 gxh6 17. Ne3 Nd7 18. cxd5 cxd5 19. Bf1 Bg5 20. Qd2 f5 21. exf6
Qxf6 22. Nxg5 Qxg5 23. Bb5 Re7 24. Bxd7 Rxd7 25. Qe2 Rf8 26. Qg4 Rdf7 27. Qxg5+
hxg5 28. Ng4 Rc7 29. Rd2 Rfc8 30. Re2 Kg7 31. Rae1 Re8 32. Re5 h6 33. Rxe6 Rxe6
34. Rxe6 Bc8 35. Rg6+ Kf8 36. Nxh6 Ke8 37. Rg8+ Kd7 38. Rg7+ 1-0

[Event "Brno festival"]
[Site "?"]
[Date "2015.08.23"]
[Round "1"]
[White "Zeman, Radek"]
[Black "Strebkovs, Andrejs"]
[Result "0-1"]
[WhiteElo "1866"]
[BlackElo "2358"]
[PlyCount "154"]

1. e4 g6 2. d4 d6 3. Nf3 Bg7 4. Nc3 Nf6 5. h3 O-O 6. Bc4 c6 7. a4 d5 8. Bd3
dxe4 9. Nxe4 Nbd7 10. O-O Nxe4 11. Bxe4 c5 12. c3 cxd4 13. Nxd4 Nc5 14. Bf3 e5
15. Nb3 Qxd1 16. Bxd1 Nd3 17. Be2 Nxc1 18. Raxc1 b6 19. Rcd1 Be6 20. Nd2 Rac8
21. Ne4 Rc7 22. Bb5 Bb3 23. Rd6 h6 24. Nd2 Be6 25. Rd1 Bf6 26. Nf3 Be7 27. R6d2
f6 28. Re1 Bb3 29. g4 Ra8 30. Bd3 Kg7 31. Ra1 Rd8 32. Bb5 Rxd2 33. Nxd2 Bf7 34.
Rd1 f5 35. Nf3 Kf6 36. Kg2 Be6 37. Kg3 Bb3 38. Rd2 a6 39. Bxa6 Bxa4 40. Be2 Bc6
41. Bd1 e4 42. Ng1 Bc5 43. b4 Bf8 44. Rd8 Be7 45. Rb8 Bb7 46. Ne2 Rd7 47. Kg2
Bd6 48. Ba4 Bxb8 49. Bxd7 f4 50. Nd4 Bd5 51. Bc6 Ke5 52. Be8 Kf6 53. Bc6 f3+
54. Kg1 Bxc6 55. Nxc6 Bd6 56. Kf1 Kg5 57. Nd8 Kh4 58. Nf7 Bf4 59. c4 Kxh3 60.
c5 bxc5 61. bxc5 Kxg4 62. Nd6 e3 63. fxe3 Bxe3 64. c6 Bb6 65. Nb5 Kg3 66. c7
Bxc7 67. Nxc7 g5 68. Nd5 h5 69. Ne3 h4 70. Nf5+ Kf4 71. Nd4 g4 72. Ne6+ Kg3 73.
Kg1 h3 74. Ng5 f2+ 75. Kf1 h2 76. Ne4+ Kf3 77. Nxf2 g3 0-1

[Event "Brno festival"]
[Site "?"]
[Date "2015.08.23"]
[Round "1"]
[White "Kozusek, Daniel"]
[Black "Zitny, Petr"]
[Result "1-0"]
[WhiteElo "2347"]
[BlackElo "1848"]
[PlyCount "105"]

1. Nf3 d6 2. e4 Nf6 3. Nc3 g6 4. d4 c6 5. a4 a5 6. Bd3 Bg7 7. O-O O-O 8. Re1
Qc7 9. e5 Nd5 10. Nxd5 cxd5 11. Bf4 dxe5 12. Bxe5 Bxe5 13. Nxe5 Nc6 14. Nxc6
bxc6 15. Qd2 Kg7 16. b4 axb4 17. Qxb4 e6 18. c3 Ba6 19. Bc2 Rfb8 20. Qa3 Rb7
21. Reb1 Rab8 22. h3 Rxb1+ 23. Rxb1 Rxb1+ 24. Bxb1 Qb8 25. Qb4 Qf4 26. Qb2 c5
27. Ba2 cxd4 28. cxd4 Qe4 29. Qd2 h5 {(R)} 30. a5 Kg8 31. f3 Qh4 32. Bb3 Qe7
33. Bd1 Qa3 34. Kf2 Bc4 35. Bc2 Qa1 36. Bd1 Kg7 37. Kg3 Kh7 38. f4 Qa3+ 39. Bf3
Kg7 40. Qe1 Kg8 41. Kh2 Qb2 42. Qe5 Qb4 43. f5 gxf5 44. Bxh5 Qe7 45. Qf4 Kg7
46. Bd1 f6 47. Qg3+ Kf8 48. Qb8+ Kg7 49. Qb6 Qa3 50. Qc7+ Kg6 51. Qd8 Kg7 52.
Qd7+ Kh8 53. Qe8+ 1-0

[Event "Brno festival"]
[Site "?"]
[Date "2015.08.23"]
[Round "1"]
[White "Jurak, Stanislav"]
[Black "Lanc, Alois"]
[Result "1/2-1/2"]
[WhiteElo "1835"]
[BlackElo "2290"]
[PlyCount "113"]

1. d4 g6 2. c4 Bg7 3. Nc3 c5 4. e3 Nf6 5. Nf3 O-O 6. Be2 b6 7. O-O cxd4 8. Nxd4
Bb7 9. Bf3 Bxf3 10. Qxf3 Na6 11. b3 Nc5 12. Qe2 a6 13. Bb2 Qb8 14. Rfd1 Re8 15.
h3 Qb7 16. Rab1 Rad8 17. Nf3 e6 18. Rbc1 Qc7 19. Rc2 Nh5 20. Nb1 Nf6 21. Nc3
Ra8 22. Qd2 Qb7 23. Ba3 Rec8 24. Bxc5 Rxc5 25. Qd3 b5 26. cxb5 axb5 27. Rdc1 e5
28. Qe2 Rac8 29. Nd1 Rxc2 30. Rxc2 Rxc2 31. Qxc2 Nd5 32. e4 Nb4 33. Qd2 Qxe4
34. Qxd7 Qd3 35. Qe8+ Bf8 36. Ne3 Nxa2 37. Nxe5 Qxb3 38. Nd7 Qb1+ 39. Kh2 Qb4
40. Nxf8 Qxf8 41. Qxb5 Qd6+ 42. Kg1 Nc3 43. Qc4 Qd2 44. Qf1 h5 45. Nc4 Ne2+ 46.
Kh1 Qd3 47. Ne3 Ng3+ 48. fxg3 Qxe3 49. Qf3 Qe1+ 50. Kh2 Qe5 51. Qf4 Qxf4 52.
gxf4 h4 53. g4 hxg3+ 54. Kxg3 Kg7 55. Kf3 Kh6 56. Kg4 f6 57. Kf3 1/2-1/2

[Event "Brno festival"]
[Site "?"]
[Date "2015.08.23"]
[Round "1"]
[White "Chudinovskikh, Alexander"]
[Black "Kaplan, Milan"]
[Result "1-0"]
[WhiteElo "2275"]
[BlackElo "1815"]
[PlyCount "85"]

1. d4 Nf6 2. Nf3 e6 3. g3 c5 4. c4 b6 5. d5 exd5 6. cxd5 d6 7. Nc3 Be7 8. Bg2
Na6 9. O-O O-O 10. h3 Nc7 11. a4 Bb7 12. e4 a6 13. Rb1 b5 14. axb5 axb5 15. b4
Nd7 16. e5 cxb4 17. Rxb4 Nxe5 18. Nd4 Rb8 19. Re1 g6 20. Re2 Bf6 21. Ra2 Qc8
22. Ne4 Be7 23. Bh6 Re8 24. Nc6 Bxc6 25. dxc6 d5 26. Qd4 dxe4 27. Qxe5 f6 28.
Qxe4 Bxb4 29. Qxb4 Qe6 30. Ra1 g5 31. h4 Kf7 32. hxg5 fxg5 33. Bxg5 Qe5 34.
Qf4+ Kg6 35. Qxe5 Rxe5 36. Bf4 Re7 37. Ra7 Rc8 38. Bh3 Re1+ 39. Kh2 Ne6 40. c7
b4 41. Rb7 Re2 42. Rb8 Re8 43. Bxe6 1-0

[Event "Brno festival"]
[Site "?"]
[Date "2015.08.23"]
[Round "1"]
[White "Dumkova, Daniela"]
[Black "Fiala, Vaclav"]
[Result "0-1"]
[WhiteElo "1777"]
[BlackElo "2241"]
[PlyCount "68"]

1. d4 d5 2. c4 e6 3. Nf3 Nf6 4. g3 c5 5. Bg2 Nc6 6. cxd5 exd5 7. O-O cxd4 8.
Nxd4 Qb6 9. Nb3 Be6 10. Be3 Qd8 11. h3 Qd7 12. Kh2 Bd6 13. Nc3 h5 14. Nb5 h4
15. Nxd6+ Qxd6 16. Bf4 hxg3+ 17. fxg3 Qe7 18. Nd4 Bxh3 19. Nxc6 Bxg2+ 20. Kxg2
bxc6 21. Qd3 Qe4+ 22. Qf3 Kd7 23. Bg5 Rae8 24. Rae1 Qe6 25. Bxf6 Qh3+ 26. Kf2
Qh2+ 27. Qg2 gxf6 28. e3 Rh5 29. g4 Rh4 30. Qxh2 Rxh2+ 31. Kg3 Rxb2 32. Rxf6
Re7 33. a4 Rb3 34. Kf3 d4 0-1

[Event "Brno festival"]
[Site "?"]
[Date "2015.08.23"]
[Round "1"]
[White "Dvorak, Adam"]
[Black "Straka, Vojtech"]
[Result "1-0"]
[WhiteElo "2230"]
[BlackElo "1770"]
[PlyCount "123"]

1. d4 d5 2. Nf3 Nf6 3. g3 Bf5 4. Bg2 e6 5. O-O Be7 6. c3 O-O 7. Qb3 Qc8 8. Nbd2
Ne4 9. Ne5 Nxd2 10. Bxd2 Nd7 11. Nxd7 Qxd7 12. c4 c6 13. Bb4 Rfe8 14. Bxe7 Rxe7
15. Rad1 Rae8 16. f3 e5 17. dxe5 Rxe5 18. e4 Bh3 19. Bxh3 Qxh3 20. cxd5 Rh5 21.
Rf2 cxd5 22. Rxd5 Rxd5 23. Qxd5 Qc8 24. Rd2 g6 25. Kg2 Qc7 26. f4 Qb6 27. e5
Re6 28. Qd8+ Kg7 29. Qxb6 Rxb6 30. b3 Kf8 31. Rd7 Ra6 32. Rxb7 Rxa2+ 33. Kf3 a5
34. h3 a4 35. bxa4 Rxa4 36. e6 Ra3+ {(R)} 37. Kg4 h5+ 38. Kg5 fxe6 39. Kf6 Ke8
40. g4 hxg4 41. hxg4 Ra4 42. Ke5 Ra6 {(R)} 43. g5 Ra5+ 44. Kxe6 Kf8 45. Rb8+
Kg7 46. Rb7+ Kf8 47. Kf6 Rf5+ 48. Kxg6 Rxf4 {(R)} 49. Rb8+ Ke7 50. Kg7 Re4 51.
g6 Re1 52. Rb6 Rf1 53. Kh7 Rh1+ 54. Kg8 Rh6 55. Kg7 Rh1 56. Rb2 Ke8 57. Re2+
Kd7 58. Kg8 Rg1 59. g7 Kd6 60. Rh2 Ke7 61. Kh7 Kf7 62. g8=Q+ 1-0

[Event "Brno festival"]
[Site "?"]
[Date "2015.08.23"]
[Round "1"]
[White "Blazek, Pavel"]
[Black "Novosadova, Kristyna"]
[Result "0-1"]
[WhiteElo "1769"]
[BlackElo "2226"]
[PlyCount "48"]

1. e4 e5 2. Nc3 Nf6 3. f4 d5 4. fxe5 Nxe4 5. d3 Nxc3 6. bxc3 d4 7. Nf3 dxc3 8.
Be2 Be7 9. O-O O-O 10. Qe1 Nc6 11. Qg3 Re8 12. Bh6 Bf8 13. Rae1 Nxe5 14. Nxe5
Qd4+ 15. Kh1 Rxe5 16. Rf4 Qd6 17. d4 Rxe2 18. Rxe2 Qxh6 19. Re8 b6 20. Rh4 Qc1+
21. Re1 Qd2 22. Qe5 Bb7 23. Rg4 Bc6 24. Rg3 Re8 0-1

[Event "Brno festival"]
[Site "?"]
[Date "2015.08.23"]
[Round "1"]
[White "Skacelik, Petr"]
[Black "Perutka, Tomas"]
[Result "1-0"]
[WhiteElo "2172"]
[BlackElo "1756"]
[PlyCount "129"]

1. d4 Nf6 2. c4 g6 3. Nc3 Bg7 4. e4 d6 5. f3 O-O 6. Be3 Nc6 7. Nge2 a6 8. Qd2
Rb8 9. Nc1 e5 10. d5 Nd4 11. N1e2 c5 12. dxc6 Nxc6 13. Rd1 Be6 14. b3 Qa5 15.
Nd5 Qxd2+ 16. Rxd2 Bxd5 17. cxd5 Ne7 18. Rc2 Rfc8 19. Kd2 Rxc2+ 20. Kxc2 Rc8+
21. Kd2 Nd7 22. Nc3 f5 23. Bd3 f4 24. Bf2 Kf7 25. Rc1 Bf6 26. b4 Ke8 27. Rb1
Ng8 28. a4 Bd8 29. a5 h6 30. Kc2 Ngf6 31. Kb3 Ke7 32. Na4 g5 33. Nb2 Ne8 34.
Nc4 Nc7 35. h4 Nb5 36. hxg5 hxg5 37. Rh1 Nf6 38. Rh8 Kd7 39. Rh6 g4 40. Bh4
gxf3 41. gxf3 Ng8 42. Rh7+ Ke8 43. Bf2 Rc7 44. Rh8 Rg7 45. Bf1 Bf6 46. Bh3 Rg3
47. Bxg3 Bxh8 48. Bf2 Ne7 49. Nb6 Bf6 50. Kc4 Kd8 51. Kd3 Kc7 52. Nc4 Kd8 53.
Bb6+ Ke8 54. Bg4 Ng6 55. Bc8 Nh4 56. Nd2 Bd8 57. Bf2 Nc7 58. Bxb7 Ng6 59. Bb6
Kd7 60. Nc4 Ne7 61. Bxc7 Bxc7 62. Bxa6 Bb8 63. b5 Nc8 64. b6 Kd8 65. Bxc8 1-0

[Event "Brno festival"]
[Site "?"]
[Date "2015.08.23"]
[Round "1"]
[White "Zikan, Karel"]
[Black "Vechet, Stanislav"]
[Result "0-1"]
[WhiteElo "1735"]
[BlackElo "2168"]
[PlyCount "61"]

1. Nf3 d5 2. d4 e6 3. c4 c6 4. e3 Nd7 5. Nc3 Ngf6 6. Bd3 Bd6 7. O-O O-O 8. Qe2
dxc4 9. Bxc4 e5 10. dxe5 Nxe5 11. Nxe5 Bxe5 12. Rd1 Qe7 13. Bd2 Re8 14. h3 Bf5
15. Bd3 Bxd3 16. Qxd3 Rad8 17. Qc2 Bb8 18. Be1 Qe5 19. g3 h5 20. Rxd8 Rxd8 21.
Rd1 Rxd1 22. Qxd1 h4 23. f4 Qxe3+ 24. Bf2 Qe7 25. Qf3 hxg3 26. Bd4 Qd6 27. Be5
Qc5+ 28. Kg2 Bxe5 29. fxe5 Qxe5 30. Qe2 Qxe2+ 31. Nxe2 0-1

[Event "Brno festival"]
[Site "?"]
[Date "2015.08.23"]
[Round "1"]
[White "Pokorny, Petr"]
[Black "Kosina, Vladimir"]
[Result "1-0"]
[WhiteElo "2164"]
[BlackElo "1734"]
[PlyCount "67"]

1. d4 c5 2. dxc5 e6 3. Nc3 Bxc5 4. Ne4 d5 5. Nxc5 Qa5+ 6. c3 Qxc5 7. Nf3 Nf6 8.
Be3 Qc7 9. g3 Nbd7 10. Bg2 O-O 11. O-O b6 12. a4 Bb7 13. a5 Rfb8 14. a6 Bc8 15.
Qc2 b5 16. b3 e5 17. c4 bxc4 18. bxc4 Rb4 19. Ra4 Rab8 20. Rc1 Rb2 21. Qd1 d4
22. Nxd4 exd4 23. Bxd4 R2b4 24. c5 R8b5 25. c6 Nb6 26. Rxb4 Rxb4 27. Bc5 Rb5
28. Bd6 Qd8 29. c7 Qd7 30. Bc6 Rd5 31. Bxd5 Nfxd5 32. Bc5 Qe6 33. Bxb6 Bxa6 34.
Qxd5 1-0

[Event "Brno festival"]
[Site "?"]
[Date "2015.08.23"]
[Round "1"]
[White "Vavrinkova, Eliska"]
[Black "Markovic, Ivan"]
[Result "0-1"]
[WhiteElo "1695"]
[BlackElo "2157"]
[PlyCount "76"]

1. d4 g6 2. c4 Bg7 3. Nc3 d6 4. g3 Nd7 5. Bg2 c6 6. Nf3 Ngf6 7. O-O O-O 8. Qc2
e5 9. b3 Re8 10. Bb2 Qc7 11. Rad1 a5 12. Qb1 exd4 13. Nxd4 Nc5 14. Rfe1 a4 15.
b4 Ne6 16. Ne4 Nxe4 17. Bxe4 Nxd4 18. Bxd4 Be6 19. Bxg7 Kxg7 20. Bd3 d5 21.
Qb2+ f6 22. c5 a3 23. Qc3 Qe5 24. Qc1 h5 25. e4 Qb2 26. exd5 Qxc1 27. Rxc1 Bxd5
28. Bb1 Re5 29. Re3 Rxe3 30. fxe3 Ra4 31. e4 Be6 32. b5 cxb5 33. c6 bxc6 34.
Rxc6 Rb4 35. Bd3 Bxa2 36. Rc1 Bc4 37. Bc2 a2 38. e5 f5 0-1

[Event "Brno festival"]
[Site "?"]
[Date "2015.08.23"]
[Round "1"]
[White "Krajicek, Filip"]
[Black "Musil, Jiri"]
[Result "0-1"]
[WhiteElo "1663"]
[BlackElo "2122"]
[PlyCount "82"]

1. d4 Nf6 2. Nf3 e6 3. Bf4 b6 4. e3 Bb7 5. Bd3 Be7 6. c3 Nh5 7. Bg3 f5 8. Nbd2
O-O 9. O-O c5 10. dxc5 bxc5 11. Qb3 Nxg3 12. hxg3 Qc7 13. Rfe1 d5 14. c4 Nd7
15. Qc2 g6 16. Rac1 a5 17. cxd5 exd5 18. Nd4 Qb6 19. Nxf5 gxf5 20. Bxf5 Nf6 21.
e4 dxe4 22. Nxe4 Nxe4 23. Bxe4 Bxe4 24. Rxe4 Bf6 25. Qxc5 Qxb2 26. Qc4+ Kh8 27.
Re2 Qb4 28. Qxb4 axb4 29. Rc7 Kg8 30. Rb7 Rfb8 31. Rxb8+ Rxb8 32. Kh2 {(R)} Kf7
33. Kh3 Rd8 34. Kg4 Bc3 35. f4 Rd2 36. Rxd2 Bxd2 37. Kf5 Bc1 38. g4 h6 39. g5 {
(R)} hxg5 40. Kxg5 Ke6 41. g4 Bd2 0-1

[Event "Brno festival"]
[Site "?"]
[Date "2015.08.23"]
[Round "1"]
[White "Majer, Jiri"]
[Black "Hruza, Dominik"]
[Result "1-0"]
[WhiteElo "2077"]
[BlackElo "1652"]
[PlyCount "41"]

1. d4 d5 2. Nf3 Nf6 3. c4 c6 4. Nc3 a6 5. c5 Nbd7 6. Bf4 Nh5 7. Qd2 Ndf6 8. e3
Nxf4 9. exf4 Bf5 10. Nh4 Qd7 11. f3 h5 12. Na4 Bh7 13. Nb6 Qe6+ 14. Kf2 Rd8 15.
Re1 Be4 16. f5 Bxf5 17. Rxe6 Bxe6 18. Bd3 g6 19. Re1 Bh6 20. Qe2 g5 21. Nf5 1-0

[Event "Brno festival"]
[Site "?"]
[Date "2015.08.23"]
[Round "1"]
[White "Feldvabl, Vilem"]
[Black "Popper, Tomas"]
[Result "1/2-1/2"]
[WhiteElo "1628"]
[BlackElo "2034"]
[PlyCount "106"]

1. d4 Nf6 2. Nf3 b6 3. Bf4 Bb7 4. e3 e6 5. h3 d6 6. Nbd2 Nbd7 7. Be2 Be7 8. O-O
O-O 9. c4 Re8 10. Qc2 Nf8 11. Rfe1 Ng6 12. Bg3 Bf8 13. Nh4 Nh5 14. Nxg6 Nxg3
15. Nxf8 Nxe2+ 16. Rxe2 Rxf8 17. f4 Qe7 18. Rae1 f5 19. b4 a5 20. b5 Rf6 21.
Rf2 Rg6 22. Nf3 Rf8 23. Kh2 Be4 24. Qe2 h6 25. Rg1 Bb7 26. g3 Rgf6 27. Nh4 Kh7
28. Ng2 e5 29. d5 Bc8 30. Qc2 Kg8 31. h4 g6 32. Ne1 Re8 33. Nf3 Qg7 34. Re2 Rf7
35. Rge1 Rfe7 36. a3 Kf8 37. Qd2 Qf6 38. Qb2 Kf7 39. Kg2 Bd7 40. Kf2 Rg8 41.
Rg1 Rh8 42. Rh1 Be8 43. Kf1 Rg8 44. Rg1 e4 45. Qxf6+ Kxf6 46. Nd4 Bd7 47. Reg2
Rh7 48. Rh2 Rhg7 49. Ne2 Be8 50. Kf2 Bf7 51. a4 Rh7 52. Rgh1 Rgh8 53. Nd4 Rg8
1/2-1/2

[Event "Brno festival"]
[Site "?"]
[Date "2015.08.23"]
[Round "1"]
[White "Habina, Martin"]
[Black "Barak, David"]
[Result "0-1"]
[WhiteElo "2010"]
[BlackElo "1625"]
[PlyCount "97"]

1. d4 d5 2. c4 e6 3. Nc3 Nf6 4. Nf3 Be7 5. Bg5 h6 6. Bh4 O-O 7. e3 b6 8. cxd5
Nxd5 9. Nxd5 Bxh4 10. Nxh4 Qxd5 11. Nf3 Nd7 12. Qa4 c5 13. Bc4 Qd6 14. O-O Bb7
15. Rfd1 Qe7 16. Rac1 Rfd8 17. Bb5 Bxf3 18. gxf3 cxd4 19. Rxd4 Ne5 20. Be2 Rac8
21. Rxd8+ Rxd8 22. f4 Ng6 23. Qe4 Qd7 24. Rd1 Qc7 25. Rxd8+ Qxd8 26. Bd3 Nf8
27. f5 exf5 28. Qxf5 Qd7 29. Qxd7 Nxd7 30. Kf1 Kf8 31. Ke2 Ke7 32. b4 a5 33. a3
Kd6 34. Bc4 f6 35. f4 g5 36. Kd3 f5 37. Kd4 Nf8 38. bxa5 bxa5 39. Bb3 Ne6+ 40.
Bxe6 Kxe6 41. fxg5 hxg5 42. h3 a4 43. Kc4 Ke5 44. Kd3 Kd5 45. Kc3 $4 (45. Kd2)
45... Ke4 46. Kd2 Kf3 47. Kd3 Kg3 48. Kd4 Kxh3 49. Ke5 0-1

[Event "Brno festival"]
[Site "?"]
[Date "2015.08.23"]
[Round "1"]
[White "Koci, Tereza"]
[Black "Zpevakova, Jana"]
[Result "0-1"]
[WhiteElo "1621"]
[BlackElo "1997"]
[PlyCount "50"]

1. e4 e6 2. d4 d5 3. exd5 exd5 4. Nf3 Bd6 5. Nc3 Ne7 6. Bd3 O-O 7. O-O Nbc6 8.
Bg5 f6 9. Bd2 Bg4 10. Be3 a6 11. h3 Bh5 12. a4 Qe8 13. b3 f5 14. Be2 f4 15. Bc1
h6 16. Re1 Qf7 17. Ne5 Bxe2 18. Qxe2 Nxd4 19. Qd3 Bxe5 20. Rxe5 c5 21. f3 Nec6
22. Rxd5 Nb4 23. Qc4 Nxd5 24. Qxd5 Qxd5 25. Nxd5 Rad8 0-1

[Event "Brno festival"]
[Site "?"]
[Date "2015.08.23"]
[Round "1"]
[White "Zuziak, Petr"]
[Black "Glozar, Petr"]
[Result "1-0"]
[WhiteElo "1985"]
[BlackElo "1588"]
[PlyCount "51"]

1. d4 Nf6 2. Nf3 g6 3. Bg5 Bg7 4. c4 O-O 5. Nc3 c5 6. d5 d6 7. e4 Bg4 8. Be2
Bxf3 9. Bxf3 Nbd7 10. O-O Ne5 11. Be2 h6 12. Bd2 g5 13. f4 gxf4 14. Rxf4 Kh7
15. Rh4 Ng6 16. Rh3 Qd7 17. Qc1 Ng8 18. Qc2 Ne5 19. Rf1 Rfb8 20. Qc1 Qe8 21.
Rf5 Qf8 22. g4 f6 23. g5 a6 24. gxh6 Bxh6 25. Rfh5 Nf7 26. Bd3 1-0

[Event "Brno festival"]
[Site "?"]
[Date "2015.08.23"]
[Round "1"]
[White "Fryda, Dominik"]
[Black "Kuchynka, Lubos"]
[Result "0-1"]
[WhiteElo "1584"]
[BlackElo "1980"]
[PlyCount "36"]

1. e4 c5 2. Nf3 g6 3. d4 cxd4 4. Nxd4 Nc6 5. Nc3 Bg7 6. Be3 Nf6 7. Be2 O-O 8.
Qd2 d5 9. Nxc6 bxc6 10. Rd1 Be6 11. f3 dxe4 12. fxe4 Ng4 13. Bc5 Qc7 14. Bf3
Rab8 15. h3 Ne5 16. O-O Rxb2 17. a3 Nc4 18. Qd3 Rbb8 0-1

[Event "Brno festival"]
[Site "?"]
[Date "2015.08.23"]
[Round "1"]
[White "Stehlik, Jiri"]
[Black "Tajovsky, Matej"]
[Result "1-0"]
[WhiteElo "1979"]
[BlackElo "1556"]
[PlyCount "51"]

1. c4 e5 2. Nc3 Nf6 3. g3 d5 4. cxd5 Nxd5 5. Bg2 Be6 6. Nf3 Nc6 7. O-O Be7 8.
d3 O-O 9. Bd2 Qd7 10. Ng5 Bxg5 11. Bxg5 Nd4 12. Bd2 c6 13. Ne4 Bg4 14. f3 Bh3
15. Nc5 Qe7 16. Bxh3 Qxc5 17. Kh1 f5 18. e3 Nb5 19. a4 Nbc7 20. e4 fxe4 21.
dxe4 Nf6 22. Qb3+ Kh8 23. Qxb7 Qd6 24. Ba5 Nce8 25. Qxa8 Qc5 26. b4 1-0

[Event "Brno festival"]
[Site "?"]
[Date "2015.08.23"]
[Round "1"]
[White "Glacner, Karel"]
[Black "Tovarek, Antonin"]
[Result "0-1"]
[WhiteElo "1550"]
[BlackElo "1972"]
[PlyCount "54"]

1. Nf3 Nf6 2. c4 c5 3. g3 e6 4. d4 cxd4 5. Nxd4 Nc6 6. Nxc6 bxc6 7. Bg2 Bc5 8.
Nc3 O-O 9. Ne4 Nxe4 10. Bxe4 d5 11. cxd5 exd5 12. Bxh7+ Kh8 13. O-O {(R)} Bh3
14. Re1 Qf6 15. e3 g6 16. f3 Kxh7 17. g4 Bb4 18. Bd2 Bxd2 19. Qxd2 Qxf3 20. Re2
Qxg4+ 21. Kh1 Rae8 22. Rc1 d4 23. Qe1 Rxe3 24. Rcc2 Rxe2 25. Rxe2 Re8 26. Qh4+
Qxh4 27. Rxe8 Qf2 0-1

[Event "Brno festival"]
[Site "?"]
[Date "2015.08.23"]
[Round "1"]
[White "Zeman, Arnost"]
[Black "Dvorakova, Olga"]
[Result "1-0"]
[WhiteElo "1969"]
[BlackElo "1446"]
[PlyCount "21"]

1. d4 Nf6 2. Nf3 e6 3. Nbd2 d5 4. e3 c5 5. c3 Be7 6. Ne5 Nbd7 7. f4 Ne4 8. Nxe4
dxe4 9. Bb5 f6 10. Qh5+ Kf8 11. Qf7# 1-0

[Event "Brno festival"]
[Site "?"]
[Date "2015.08.23"]
[Round "1"]
[White "Kubala, Karel"]
[Black "Krejci, Petr"]
[Result "0-1"]
[WhiteElo "1955"]
[BlackElo "2047"]
[PlyCount "96"]

1. d4 d5 2. Nf3 Nf6 3. Bf4 e6 4. e3 Nbd7 5. Be2 c5 6. O-O Qb6 7. Nc3 a6 8. b3
cxd4 9. exd4 Qc6 10. Na4 b5 11. Nb2 Ne4 12. c4 Ba3 13. cxb5 axb5 14. Nd3 f6 15.
Bc1 Be7 16. Bd2 Kf7 17. Re1 Qb6 18. b4 Ra3 19. Qc1 Qa6 20. Qb2 Nb6 21. Nc5 Bxc5
22. bxc5 Nxd2 23. Nxd2 Nc4 24. Bxc4 bxc4 25. Nb1 Rd3 26. Rc1 Bd7 27. Nd2 Ra8
28. Nf3 Ra3 29. Re1 Rxa2 30. Rxa2 Qxa2 31. Qb6 Qa6 32. Qc7 Ra7 33. Qf4 c3 34.
g4 c2 35. Rc1 Ba4 36. c6 Ke7 37. g5 Qxc6 38. gxf6+ gxf6 39. Qh4 Rb7 40. Ne5 Qc7
41. Ng4 Qf4 42. Qxh7+ Kd6 43. Qxb7 Qxc1+ 44. Kg2 Qb1 45. Qa6+ Bc6 46. Qa3+ Kc7
47. Qa7+ Kc8 48. Qa6+ Kb8 0-1

[Event "Brno festival"]
[Site "?"]
[Date "2015.08.23"]
[Round "1"]
[White "Halamka, Radek"]
[Black "Kopecek, Ivan"]
[Result "0-1"]
[WhiteElo "1741"]
[BlackElo "1952"]
[PlyCount "112"]

1. d4 f5 2. Nf3 Nf6 3. c4 g6 4. Nc3 Bg7 5. e3 O-O 6. Bd3 d6 7. O-O Qe8 8. d5 e5
9. dxe6 Bxe6 10. Qc2 Nc6 11. a3 Ne5 12. Nxe5 dxe5 13. b3 c6 14. Bb2 e4 15. Be2
Nd7 16. Rfd1 Ne5 17. Rd2 Qe7 18. Rad1 Rae8 19. Na4 Bc8 20. b4 f4 21. exf4 Rxf4
22. Bxe5 Qxe5 23. Rd8 Rff8 24. Rxe8 Rxe8 25. Qc1 b6 26. Qe3 Bf6 27. g3 Kg7 28.
Kg2 Bf5 29. h3 Be6 30. Kh2 h5 31. Kg2 h4 32. g4 g5 33. Bf1 Bd8 34. Qd4 Bf6 35.
Qd6 Bc8 36. Be2 Qf4 37. Qxf4 gxf4 38. f3 e3 39. Kf1 Be5 40. Bd3 Rd8 41. Ke2 Be6
42. Rc1 Bd4 43. Rc2 c5 44. b5 Kf6 45. Nc3 Bxc3 46. Rxc3 Rd4 47. Rc2 Ke5 48. Rc1
Rd7 49. Rd1 a6 50. a4 axb5 51. axb5 Ra7 52. g5 Ra2+ 53. Ke1 Rh2 54. g6 Rxh3 55.
Ke2 Rh2+ 56. Kf1 Rf2+ 0-1

[Event "Brno festival"]
[Site "?"]
[Date "2015.08.23"]
[Round "2"]
[White "Polak, Tomas"]
[Black "Markovic, Ivan"]
[Result "1-0"]
[WhiteElo "2524"]
[BlackElo "2157"]
[PlyCount "77"]

1. d4 Nf6 2. c4 d6 3. Nf3 Nbd7 4. Nc3 c6 5. e4 e5 6. Be2 Be7 7. O-O O-O 8. Qc2
Re8 9. Rd1 Qc7 10. Bg5 h6 11. Bh4 Nf8 12. Rac1 Ng6 13. Bg3 Nh5 14. b4 Nxg3 15.
hxg3 Bg4 16. d5 a5 17. a3 axb4 18. axb4 h5 19. Nh2 Bxe2 20. Qxe2 h4 21. gxh4
Nxh4 22. g3 Ng6 23. dxc6 bxc6 24. b5 Qb6 25. Kg2 Nf8 26. bxc6 Qxc6 27. Rh1 Bg5
28. Rcd1 g6 29. Nd5 Ne6 30. Qg4 Kg7 31. Nf3 f6 32. Qh3 Kf7 33. Qh7+ Ng7 34.
Nxg5+ fxg5 35. Rd3 g4 36. Qh4 Qxc4 37. Qxg4 Re6 38. Rf3+ Kg8 39. Qh3 1-0

[Event "Brno festival"]
[Site "?"]
[Date "2015.08.23"]
[Round "2"]
[White "Musil, Jiri"]
[Black "Zwardon, Vojtech"]
[Result "0-1"]
[WhiteElo "2122"]
[BlackElo "2398"]
[PlyCount "46"]

1. d4 Nf6 2. c4 e5 3. dxe5 Ng4 4. Nf3 Bc5 5. e3 Nc6 6. Nc3 O-O 7. Be2 Re8 8.
O-O a5 9. Ne4 Ba7 10. b3 Ncxe5 11. Nxe5 Nxe5 12. Bb2 d6 13. Ng3 Qh4 14. Bd4 Re6
15. Nf5 Qg5 16. Ng3 Rh6 17. Bxa7 Qh4 18. h3 Bxh3 19. gxh3 Qxh3 20. Re1 Qh2+ 21.
Kf1 Rf6 22. f4 Rg6 23. e4 Qh3+ 0-1